|
|
|
|
| LEADER |
00000nam a22000007a 4500 |
| 005 |
20151013110336.0 |
| 007 |
cr|||| || |
| 008 |
151013s1999 mx ||||| |||| 00||0 spa d |
| 020 |
|
|
|a 978-968-16-4927-2
|
| 035 |
|
|
|a 12852
|
| 040 |
|
|
|a vLex
|
| 090 |
|
|
|c 5582
|d 5582
|
| 100 |
1 |
|
|a Elster, Jon
|
| 245 |
1 |
0 |
|a Constitucionalismo y democracia
|h [Recurso electrn̤ico] /
|c Jon Elster
|
| 256 |
|
|
|a Servicio en ln̕ea
|
| 260 |
|
|
|a Mx̌ico
|b Fondo de Cultura Econm̤ica
|c 1999
|
| 300 |
|
|
|a 1 recurso electrn̤ico
|
| 506 |
1 |
|
|a Contenido solo disponible en los productos indicados
|d vLex Global
|d vLex Global (Academic Edition, excluding Law Schools)
|d vLex Global (U.S. Academic Edition, Law Schools)
|d vLex Global (U.S. Academic Edition, excluding Law Schools)
|d vLex Global (Academic Edition, Law Schools)
|
| 650 |
0 |
4 |
|a Democracia
|z Mx̌ico
|
| 740 |
0 |
|
|a vLex libros (servicio en ln̕ea)
|
| 856 |
4 |
0 |
|u http://vlex.com/source/constitucionalismo-democracia-12852
|z Acceso restringido
|
| 942 |
|
|
|c BOOK
|
| 999 |
0 |
|
|a Democracy
|